[Event "Lisbon-ch"]
[Site "Lisbon"]
[Date "2015.01.27"]
[Round "1"]
[White "Branco, Romulo Joao"]
[Black "Vasconcellos, Renato Fialho"]
[Result "0-1"]
[WhiteElo "1737"]
[BlackElo "2053"]
[PlyCount "68"]
[EventDate "2015.01.27"]
[EventType "swiss"]
[EventRounds "7"]
[EventCountry "POR"]
[SourceTitle "CBM 164 Extra"]
[Source "ChessBase"]
[SourceDate "2015.03.02"]
[SourceVersion "1"]
[SourceVersionDate "2015.03.02"]
[SourceQuality "1"]

1. e4 c5 2. Nf3 e6 3. c4 Nc6 4. Nc3 a6 5. a3 Nf6 6. d4 cxd4 7. Nxd4 Qc7 8. Nxc6 dxc6 9. f4 e5 10. f5 Bc5 11. Qf3 b6 12. Be3 Bxe3 13. Qxe3 a5 14. Be2 Ba6 15. 0-0 0-0 16. b4 Bb7 17. b5 cxb5 18. cxb5 Rac8 19. Rac1 Qd6 20. Na4 Rxc1 21. Rxc1 Bxe4 22. Nxb6 Qd4 23. Qxd4 exd4 24. Rd1 Rd8 25. Bd3 Kf8 26. a4 Bxd3 27. Rxd3 Ne4 28. Nc4 Nc5 29. Rd2 d3 30. Nxa5 Ra8 31. Nc6 Rxa4 32. g3 Rc4 33. Ne5 Rc1+ 34. Kg2 Rc2 0-1

[Event "POR-chT"]
[Site "Porto"]
[Date "2013.08.19"]
[Round "3.4"]
[White "Silva, Miguel Alexandre Go"]
[Black "Vasconcellos, Renato Fialho"]
[Result "1-0"]
[WhiteElo "2111"]
[BlackElo "2046"]
[PlyCount "99"]
[EventDate "2013.08.18"]
[EventType "team-tourn"]
[EventRounds "9"]
[EventCountry "POR"]
[SourceTitle "CBM 156 Extra"]
[Source "ChessBase"]
[SourceDate "2013.10.22"]
[SourceVersion "1"]
[SourceVersionDate "2013.10.22"]
[SourceQuality "1"]
[WhiteTeam "Diana"]
[BlackTeam "TAP"]
[WhiteTeamCountry "POR"]
[BlackTeamCountry "POR"]

1. d4 Nf6 2. Nf3 d5 3. c4 c6 4. e3 a6 5. Bd3 dxc4 6. Bxc4 b5 7. Be2 e6 8. 0-0 Bb7 9. a4 Be7 10. Nbd2 0-0 11. Nb3 Nbd7 12. Bd2 Ne4 13. Ba5 Qb8 14. Bd3 bxa4 15. Rxa4 c5 16. Nbd2 Nxd2 17. Nxd2 Nf6 18. dxc5 Bxc5 19. Bc3 Qd8 20. Nb3 Be7 21. Rd4 Qb6 22. Rf4 Rfd8 23. Bd4 Qc7 24. Bc3 e5 25. Rc4 Qb8 26. Ba5 Rd5 27. e4 Rd7 28. Qc2 Qe8 29. Nc5 Bxc5 30. Rxc5 Rc8 31. b4 Rxc5 32. bxc5 Qa8 33. f3 Bc6 34. Rd1 h6 35. Bc4 Rxd1+ 36. Qxd1 Nd7 37. Qd6 Qb7 38. Bb6 Nxb6 39. Qd8+ Kh7 40. Qxb6 Kg8 41. Bxa6 Qa8 42. h3 g6 43. Kh2 Kf8 44. Bc4 Qa4 45. Qb8+ Be8 46. Bd5 Qd4 47. c6 Qc3 48. Qd6+ Kg7 49. c7 Kh7 50. Qe7 1-0

[Event "POR-chT"]
[Site "Porto"]
[Date "2013.08.18"]
[Round "1.5"]
[White "Martinez Duany, Lelys Stanley"]
[Black "Vasconcellos, Renato Fialho"]
[Result "1-0"]
[WhiteElo "2457"]
[BlackElo "2046"]
[PlyCount "147"]
[EventDate "2013.08.18"]
[EventType "team-tourn"]
[EventRounds "9"]
[EventCountry "POR"]
[SourceTitle "CBM 156 Extra"]
[Source "ChessBase"]
[SourceDate "2013.10.22"]
[SourceVersion "1"]
[SourceVersionDate "2013.10.22"]
[SourceQuality "1"]
[WhiteTeam "Dias Ferreira"]
[BlackTeam "TAP"]
[WhiteTeamCountry "POR"]
[BlackTeamCountry "POR"]

1. d4 d5 2. c4 c6 3. Nf3 Nf6 4. Qc2 g6 5. Bf4 Bg7 6. e3 Bf5 7. Qb3 Qb6 8. Nc3 Nbd7 9. h3 0-0 10. Be2 Ne4 11. 0-0 Ndf6 12. c5 Qxb3 13. axb3 Nd7 14. b4 a6 15. g4 Be6 16. Kg2 h6 17. Ne5 Nxe5 18. Bxe5 f6 19. Bh2 f5 20. f3 Nxc3 21. bxc3 Rad8 22. Bd3 fxg4 23. hxg4 g5 24. Bc7 Rc8 25. Be5 Bxe5 26. dxe5 Kg7 27. Kg3 Bf7 28. f4 Bg6 29. f5 Bh7 30. Rf2 Rce8 31. Rh1 Rh8 32. Rfh2 Bg8 33. Kf3 Rf8 34. Ke2 Bf7 35. Kd2 h5 36. Kc2 h4 37. Kb3 Be8 38. e6 Kf6 39. Ka4 Bh5 40. Rg1 Be8 41. Rh3 b5+ 42. Ka5 Ke5 43. Kb6 Rfg8 44. e4 d4 45. cxd4+ Kxd4 46. Be2 Ke5 47. Bd1 Rf8 48. Bf3 Rhg8 49. Rd1 Rh8 50. Rd8 Rhg8 51. Kxa6 Kf4 52. Bd1 Kxe4 53. Kb6 Kf4 54. Kc7 Ke5 55. Rdd3 Kf6 56. Bf3 Rh8 57. Bxc6 Bxc6 58. Kxc6 Rb8 59. Kd5 Rhd8+ 60. Ke4 Rxd3 61. Rxd3 Rh8 62. Rh3 Rd8 63. c6 Rd6 64. Rc3 h3 65. Rxh3 Rxc6 66. Rh6+ Kg7 67. Rg6+ Kf8 68. Rxg5 Rc4+ 69. Ke5 Rxb4 70. Rh5 Rxg4 71. Rh8+ Rg8 72. Rxg8+ Kxg8 73. f6 exf6+ 74. Kd6 1-0

[Event "POR-chT"]
[Site "Torres Vedras"]
[Date "2011.07.29"]
[Round "7.8"]
[White "Mansilla Tolosa, Luis Eduardo"]
[Black "Vasconcellos, Renato Fialho"]
[Result "1/2-1/2"]
[WhiteElo "2073"]
[BlackElo "2069"]
[PlyCount "83"]
[EventDate "2011.07.23"]
[EventType "team-swiss"]
[EventRounds "9"]
[EventCountry "POR"]
[SourceTitle "CBM 143 Extra"]
[Source "ChessBase"]
[SourceDate "2011.08.29"]
[SourceVersion "1"]
[SourceVersionDate "2011.08.29"]
[SourceQuality "1"]
[WhiteTeam "Porto GX"]
[BlackTeam "Alekhine"]
[WhiteTeamCountry "POR"]
[BlackTeamCountry "POR"]

1. d4 d5 2. c4 c6 3. Nf3 Nf6 4. e3 e6 5. b3 Nbd7 6. Bb2 Be7 7. Bd3 0-0 8. 0-0 b6 9. Nc3 Bb7 10. Qc2 c5 11. Rfd1 Rc8 12. cxd5 exd5 13. dxc5 Rxc5 14. b4 Rc7 15. Qb3 Qa8 16. Nb5 Rcc8 17. Nbd4 g6 18. Rdc1 a6 19. Rxc8 Rxc8 20. Ne2 Qb8 21. Bd4 Qd6 22. Rb1 Ne4 23. Qb2 Bf6 24. Bxf6 Qxf6 25. Ned4 b5 26. Nb3 Qxb2 27. Rxb2 Rc3 28. Ne1 Ne5 29. Bxe4 dxe4 30. Nc5 Rc1 31. Kf1 Bd5 32. Ke2 Ra1 33. Nc2 Rc1 34. Nd4 Rg1 35. Nxa6 Nd3 36. Rc2 Bc4 37. Kd2 Nxf2 38. a4 Rxg2 39. axb5 Ng4+ 40. Kc3 Rxc2+ 41. Nxc2 Bxb5 42. Nc7 1/2-1/2

[Event "POR-chT 52nd"]
[Site "Vila Nova de Gaia"]
[Date "2010.07.31"]
[Round "8.3"]
[White "Vasconcellos, Renato Fialho"]
[Black "Diogo, Vasco Andre Marcalo"]
[Result "0-1"]
[WhiteElo "2102"]
[BlackElo "2293"]
[PlyCount "93"]
[EventDate "2010.07.24"]
[EventType "team-tourn"]
[EventRounds "9"]
[EventCountry "POR"]
[SourceTitle "EXT 2011"]
[Source "ChessBase"]
[SourceDate "2010.11.26"]
[SourceVersion "1"]
[SourceVersionDate "2010.11.26"]
[SourceQuality "1"]
[WhiteTeam "Alekhine"]
[BlackTeam "Faro"]
[WhiteTeamCountry "POR"]
[BlackTeamCountry "POR"]

1. c4 e5 2. g3 Nc6 3. Bg2 g6 4. Nc3 Bg7 5. Nf3 Nge7 6. 0-0 0-0 7. d3 h6 8. Rb1 f5 9. e3 a5 10. Ne1 d6 11. f4 Be6 12. Nd5 Nb4 13. Nxe7+ Qxe7 14. a3 Nc6 15. b3 Qf7 16. e4 exf4 17. Rxf4 Bd4+ 18. Kh1 Qg7 19. Nc2 Be5 20. Rf1 fxe4 21. dxe4 Rxf1+ 22. Qxf1 Rf8 23. Qe2 g5 24. Be3 Qd7 25. Rf1 Rxf1+ 26. Qxf1 Qf7 27. a4 Qxf1+ 28. Bxf1 Bg4 29. Kg1 Be6 30. Bd3 Nb4 31. Nxb4 axb4 32. c5 Bxb3 33. cxd6 cxd6 34. a5 Bc3 35. Kf2 Be6 36. Bb6 b3 37. Bc7 b2 38. Bb1 Be5 39. Ke2 Kf7 40. Bb6 Kf6 41. Kf3 g4+ 42. Ke3 d5 43. Bd8+ Kg6 44. Kd2 dxe4 45. Bb6 Kf5 46. Ke3 Bd5 47. Kd2 0-1

[Event "POR-chT 52nd"]
[Site "Vila Nova de Gaia"]
[Date "2010.07.29"]
[Round "6.6"]
[White "Vasconcellos, Renato Fialho"]
[Black "Gutierrez Castillo, Paloma"]
[Result "1/2-1/2"]
[WhiteElo "2102"]
[BlackElo "2167"]
[PlyCount "85"]
[EventDate "2010.07.24"]
[EventType "team-tourn"]
[EventRounds "9"]
[EventCountry "POR"]
[SourceTitle "EXT 2011"]
[Source "ChessBase"]
[SourceDate "2010.11.26"]
[SourceVersion "1"]
[SourceVersionDate "2010.11.26"]
[SourceQuality "1"]
[WhiteTeam "Alekhine"]
[BlackTeam "Mata de Benfica"]
[WhiteTeamCountry "POR"]
[BlackTeamCountry "POR"]

1. c4 Nf6 2. g3 g6 3. Bg2 Bg7 4. Nc3 0-0 5. e4 e5 6. Nge2 d6 7. 0-0 Nc6 8. d3 Nh5 9. Be3 Nd4 10. f3 f5 11. Qd2 Rf7 12. f4 c6 13. Rac1 Be6 14. b4 a6 15. c5 dxc5 16. bxc5 Qa5 17. fxe5 Nxe2+ 18. Qxe2 Bxe5 19. d4 Bxg3 20. hxg3 Nxg3 21. Qb2 Nxf1 22. Rxf1 fxe4 23. Rxf7 Bxf7 24. Bxe4 Re8 25. Qc2 Rxe4 26. Qxe4 Qxc3 27. Qe5 Qe1+ 28. Kh2 Qh4+ 29. Kg1 Qg4+ 30. Kh2 Qh5+ 31. Qxh5 gxh5 32. a4 Bb3 33. a5 Kf7 34. Kg3 Ke6 35. Bf4 Kd5 36. Be5 Bd1 37. Bf6 Bg4 38. Kh4 Kc4 39. Kg3 Bc8 40. Kh4 b5 41. cxb6 Kb4 42. b7 Bxb7 43. Bd8 1/2-1/2

[Event "Lisbon Masters"]
[Site "Lisbon"]
[Date "2009.07.20"]
[Round "6"]
[White "Santos, Micael Costa"]
[Black "Vasconcellos, Renato Fialho"]
[Result "1/2-1/2"]
[WhiteElo "2026"]
[BlackElo "2120"]
[PlyCount "135"]
[EventDate "2009.07.02"]
[EventType "swiss"]
[EventRounds "7"]
[EventCountry "POR"]
[SourceTitle "EXT 2012"]
[Source "ChessBase"]
[SourceDate "2011.11.24"]
[SourceVersion "1"]
[SourceVersionDate "2011.11.24"]
[SourceQuality "1"]

1. d4 d5 2. Nf3 Nf6 3. Nc3 Bf5 4. Bf4 e6 5. Nh4 c6 6. Nxf5 exf5 7. Bg5 Nbd7 8. Qd3 g6 9. a3 Bg7 10. Qe3+ Qe7 11. Qxe7+ Kxe7 12. f3 h6 13. Bd2 Nb6 14. b3 Rae8 15. a4 Nfd7 16. a5 Nc8 17. e3 Kd8 18. Kf2 Nd6 19. g3 h5 20. h4 Bh6 21. Bd3 Kc7 22. b4 a6 23. Rhb1 Nb5 24. Ne2 Re7 25. c4 dxc4 26. Bxc4 Rhe8 27. Rb3 Nd6 28. Rc1 Nxc4 29. Rxc4 Kb8 30. Rc1 Nf6 31. Nf4 Bxf4 32. gxf4 Nd5 33. Rc2 Nc7 34. Rc5 Nb5 35. Rd3 Nc7 36. Re5 Kc8 37. e4 Rxe5 38. fxe5 Kd7 39. exf5 gxf5 40. Bf4 Nd5 41. Bd2 f4 42. Rb3 Rg8 43. Rb1 Ke6 44. Re1 Rg6 45. Rc1 Kf5 46. Re1 Re6 47. Rg1 Rg6 48. Re1 Nc7 49. Rc1 Rg8 50. Re1 Ne6 51. Re4 Rd8 52. Bc3 Rd5 53. Ke2 Rd8 54. Kf2 Rg8 55. Bd2 Rg7 56. Bc1 Rg6 57. Bd2 Rg8 58. Bc1 Rb8 59. Bd2 Rd8 60. Bc3 Rd5 61. Ke2 Nf8 62. Kd3 Ng6 63. Be1 Nf8 64. Bc3 Ne6 65. Re2 Rd8 66. Rg2 Rh8 67. Kc4 Rc8 68. Kd3 1/2-1/2

[Event "Lisbon Masters"]
[Site "Lisbon"]
[Date "2009.07.09"]
[Round "3"]
[White "Rodrigues, Afonso"]
[Black "Vasconcellos, Renato Fialho"]
[Result "1-0"]
[WhiteElo "2148"]
[BlackElo "2120"]
[PlyCount "91"]
[EventDate "2009.07.02"]
[EventType "swiss"]
[EventRounds "7"]
[EventCountry "POR"]
[SourceTitle "EXT 2012"]
[Source "ChessBase"]
[SourceDate "2011.11.24"]
[SourceVersion "1"]
[SourceVersionDate "2011.11.24"]
[SourceQuality "1"]

1. e4 c5 2. Nc3 Nc6 3. g3 g6 4. Bg2 Bg7 5. d3 d6 6. Be3 e5 7. Qd2 Nge7 8. Bh6 0-0 9. h4 Bxh6 10. Qxh6 f6 11. Qd2 Nd4 12. Nce2 b5 13. c3 Nxe2 14. Nxe2 Rb8 15. f4 b4 16. h5 Rf7 17. hxg6 Nxg6 18. c4 Rg7 19. Bh3 Ne7 20. Bxc8 Qxc8 21. f5 Nc6 22. 0-0-0 Qf8 23. Rh5 Rbb7 24. Rdh1 a5 25. Qh6 Nd4 26. Nxd4 cxd4 27. R1h3 Rbf7 28. Qd2 Qc8 29. Qd1 Qd7 30. Rh6 Rg5 31. Qb3 Qc6 32. Kb1 Rgg7 33. g4 Rxg4 34. a3 Qc5 35. Qa4 Rg1+ 36. Ka2 Qc8 37. Qb5 b3+ 38. Qxb3 Rb7 39. Qc2 Qf8 40. Rh2 Rg3 41. Qd1 Qb8 42. Qh5 Rgg7 43. Rxf6 Rbd7 44. Re6 Rd8 45. f6 Rb7 46. Re7 1-0

[Event "Monte Estoril op"]
[Site "Monte Estoril"]
[Date "2003.12.06"]
[Round "1"]
[White "Vasconcellos, Renato Fialho"]
[Black "Oliveira, Carlos Andre Ramalh"]
[Result "1-0"]
[WhiteElo "2131"]
[BlackElo "2028"]
[PlyCount "59"]
[EventDate "2003.12.06"]
[EventType "swiss"]
[EventRounds "2"]
[EventCountry "POR"]
[SourceTitle "EXT 2005"]
[Source "ChessBase"]
[SourceDate "2004.11.15"]
[SourceVersion "1"]
[SourceVersionDate "2004.11.15"]
[SourceQuality "1"]

1. e4 b6 2. Nf3 Bb7 3. Nc3 e6 4. d4 Bb4 5. Bd3 Nf6 6. Qe2 h6 7. 0-0 d6 8. Bd2 Bxc3 9. Bxc3 0-0 10. Rad1 Re8 11. e5 Nfd7 12. Rfe1 d5 13. Bd2 c5 14. c3 Qc8 15. Bb1 Ba6 16. Qe3 Qd8 17. Qf4 f5 18. exf6 Qxf6 19. Qc7 Nf8 20. dxc5 Rc8 21. Qg3 bxc5 22. Ne5 Nbd7 23. Ng4 Qe7 24. Nxh6+ Kh8 25. Bg5 Nf6 26. Qh4 Qc7 27. Ng4+ N6h7 28. Rxe6 Bb5 29. Re7 Qd6 30. Bf6 1-0

[Event "Batalha dos Mestres 3rd"]
[Site "Lisbon"]
[Date "2002.10.24"]
[Round "11.5"]
[White "Damaso, Rui"]
[Black "Vasconcellos, Renato Fialho"]
[Result "1-0"]
[WhiteElo "2427"]
[BlackElo "2100"]
[PlyCount "70"]
[EventDate "2002.10.13"]
[EventType "tourn"]
[EventRounds "11"]
[EventCountry "POR"]
[EventCategory "1"]
[SourceTitle "EXT 2003"]
[Source "ChessBase"]
[SourceDate "2002.11.25"]
[SourceVersion "1"]
[SourceVersionDate "2002.11.25"]
[SourceQuality "1"]

1. e4 c5 2. Nf3 Nc6 3. Bb5 e6 4. Bxc6 bxc6 5. b3 Ne7 6. h4 Qc7 7. Bb2 h5 8. Na3 Ba6 9. Nc4 Bxc4 10. bxc4 Qf4 11. d3 Ng6 12. Qe2 f6 13. g3 Qc7 14. e5 Rb8 15. Bc3 Be7 16. 0-0 f5 17. Rab1 f4 18. Ba5 Qc8 19. Qe4 Kf7 20. Bd2 Qa6 21. Bxf4 Qxa2 22. Ra1 Qb2 23. Rxa7 Rb7 24. Rxb7 Qxb7 25. Bg5 Qb2 26. Bxe7 Nxe7 27. Ng5+ Kf8 28. c3 Nf5 29. d4 Qxc3 30. Rb1 cxd4 31. Rb8+ Ke7 32. Rxh8 d3 33. Nf3 Nd4 34. Kg2 Nxf3 35. Qxf3 Qxc4 1-0

[Event "Batalha dos Mestres 3rd"]
[Site "Lisbon"]
[Date "2002.10.19"]
[Round "7.3"]
[White "Santos, Carlos Pereira Dos"]
[Black "Vasconcellos, Renato Fialho"]
[Result "1-0"]
[WhiteElo "2420"]
[BlackElo "2100"]
[PlyCount "99"]
[EventDate "2002.10.13"]
[EventType "tourn"]
[EventRounds "11"]
[EventCountry "POR"]
[EventCategory "1"]
[SourceTitle "EXT 2003"]
[Source "ChessBase"]
[SourceDate "2002.11.25"]
[SourceVersion "1"]
[SourceVersionDate "2002.11.25"]
[SourceQuality "1"]

1. d4 d5 2. c4 e6 3. Nc3 Be7 4. Nf3 Nf6 5. cxd5 exd5 6. Bg5 0-0 7. e3 c6 8. Bd3 Ne4 9. Bxe7 Qxe7 10. Bxe4 dxe4 11. Nd2 f5 12. 0-0 Be6 13. Rb1 Nd7 14. b4 b5 15. a4 a6 16. a5 Nf6 17. Qc2 Rac8 18. Ne2 Nd5 19. Qc5 Qxc5 20. dxc5 Rfd8 21. Nd4 Kf7 22. Rfc1 Nf4 23. Kf1 Nd3 24. Rc3 Ne5 25. Ke2 g6 26. f3 exf3+ 27. gxf3 Bc4+ 28. Kf2 f4 29. Ne4 Bd3 30. Ng5+ Kf6 31. Rg1 fxe3+ 32. Kxe3 Bf5 33. Nxh7+ Ke7 34. Nxf5+ gxf5 35. Rg7+ Ke6 36. Ra7 Rh8 37. Kf4 Rcd8 38. Ng5+ Kf6 39. Nh7+ Ke6 40. Re3 Rd4+ 41. Kg5 Rxb4 42. Rg7 f4 43. Rg6+ Kd5 44. Nf6+ Kd4 45. Re4+ Kc3 46. Rxe5 Rxh2 47. Ne4+ Rxe4 48. Rxe4 Rg2+ 49. Kf5 Rxg6 50. Kxg6 1-0

[Event "Batalha dos Mestres 3rd"]
[Site "Lisbon"]
[Date "2002.10.15"]
[Round "3.1"]
[White "Vasconcellos, Renato Fialho"]
[Black "Lima, Paulo"]
[Result "1/2-1/2"]
[WhiteElo "2100"]
[BlackElo "2063"]
[PlyCount "31"]
[EventDate "2002.10.13"]
[EventType "tourn"]
[EventRounds "11"]
[EventCountry "POR"]
[EventCategory "1"]
[SourceTitle "EXT 2003"]
[Source "ChessBase"]
[SourceDate "2002.11.25"]
[SourceVersion "1"]
[SourceVersionDate "2002.11.25"]
[SourceQuality "1"]

1. e4 e5 2. Nf3 Nf6 3. Nxe5 d6 4. Nf3 Nxe4 5. Bd3 Nf6 6. 0-0 Be7 7. c3 0-0 8. Bc2 d5 9. d4 Bg4 10. Bg5 Nbd7 11. Nbd2 Re8 12. h3 Bh5 13. Re1 c6 14. Nf1 Ne4 15. Bxe7 Rxe7 16. Ne3 1/2-1/2